000 00580nam a22001937a 4500
005 20171208150723.0
010 _aENG-121803
020 _a9789381626894
_c275.00
035 _aEN-105335
037 _bDBAD/PUB
082 _aN
100 _aRoberts,Joe
245 _a Bengal the cold weather,1873 :
_bA dream of edward lear in India /
_cby Joy Roberts
260 _bTranquebar press An imprint of Westland
_c2012
270 _aVenkat Towers,165,P.H. road, Maduravoyal
_bChennai
_e600095
300 _a129p.
_c20cm(Pbk)
700 _aJoy Roberts
942 _2ddc
_cEN
_hN
_mROB
999 _c147929
_d147929